Villes de France en F (difficile) - Statistiques

Statistiques générales
  • Ce quiz a été pris 53 fois
    27 depuis la dernière actualisation
  • Le résultat moyen est 8 sur 20
Statistiques - réponses
Hint Réponse % Correct
Ville pyrénéenne sujette à de nombreux jeux de mot Foix
82%
Ville bourgeoise et forestière d'ïle-de-France Fontainebleau
68%
Sur la côte d'albâtre Fécamp
64%
Petite sous-préfecture quercynoise Figeac
55%
Foyer contre-révolutionnaire des guerres de Vendée, et préfecture déchue par Napoléon Fontenay-le-Comte
55%
Petite sous-préfecture provençale Forcalquier
45%
Accueille le Prytanée, célèbre lycée militaire (La ___) La Flèche
45%
Parmi les plus petites sous-préfectures, dans le département le moins peuplé de France Florac
36%
Sur la côte d'améthyste, vin de muscat Frontignan
36%
Ville normande dominée par un puissant château, berceau de Guillaume le Conquérant. Falaise
32%
Sur la côte atlantique, donne son nom à un vieillard malicieux Fouras
32%
C'est parce que cette ville était frontalière qu'un célèbre philosophe du XVIIIe siècle est venu y habiter, et qu'on a fini par lui accoler son nom. Ferney-Voltaire
27%
Cité minière du Forez où Le Corbusier a sévi Firminy
27%
Même réponse que la précédente... à un iota près. De l'autre côté de la Garonne par rapport à la grande ville dont elle est la banlieue. Floirac
27%
Cette cité du Perche sarthois surnommée parfois la « Venise de l’Ouest », est connue pour ses canaux et ses maisons en colombage. (La ___) La Ferté-Bernard
27%
Ville d'où le Forez tient son nom Feurs
23%
Centrale nucléaire normande Flamanville
23%
Bourgade sur le Gers qu'il nous prend l'envie d'appeler Foresti Fleurance
18%
Cité sidérurgique lorraine Florange
18%
Sur la côte de Cornouailles Fouesnant
14%
Aucun quiz correspondant
Distribution des résultats
% des personnes avec chaque résultat
Percentile par nombre de réponses
Votre historique - résultats
Vous n’avez pas pris ce quiz depuis la dernière actualisation